000 00668nai a2200193Ia 4500
003 IN-BaIIA
008 211028c9999 xx s 000 0 eng d
022 _a2096-1081 (Print)
022 _a2509-3312 (Online)
040 _cIIA Library
245 0 _aJournal of Communications and Information Networks
_h[eJournal]
260 _aUSA
_bPTP
310 _aQuarterly
362 _a1(1); 2016 - Present
521 _bSubscribed through National Knowledge Resource Consortium (NKRC)
650 _aCommunication, Networking and Broadcast Technologies
856 _uhttps://ieeexplore.ieee.org/servlet/opac?punumber=8892389
_yClick Here to Access eJournal
942 _cEJ
999 _c35003
_d35003